Keynes y la reestructuración neoliberal /
Uloženo v:
| Hlavní autor: | |
|---|---|
| Médium: | Text |
| Tagy: |
Přidat tag
Žádné tagy, Buďte první, kdo vytvoří štítek k tomuto záznamu!
|
MARC
| LEADER | 00000 a a2200000 04500 | ||
|---|---|---|---|
| 001 | 46015 | ||
| 003 | |||
| 040 | |a CRAI/IIS |c CRAI/IIS | ||
| 100 | |a Zaragoza, José | ||
| 245 | |a Keynes y la reestructuración neoliberal / |c José Zaragoza | ||
| 773 | |g número59 (1992), páginas 25-30 | ||
| 999 | |c 18555 |d 18555 | ||
